00501nam a2200145Ia 4500008004100000020001800041050001500059100003000074245006300104260002700167300001700194650002300211952010400234999001700338120626s9999 xx 000 0 und d a970-10-4667-6 aHF5635 G83 aGUAJARDO CANTÚ, Gerardo aContabilidad para no contadores / Gerardo Guajardo Cantú aMéxico : McGraw Hill aXIII, 425 p. a1. CONTABILIDADÌ 00104070a09b09d2007-01-23l2oHF5635 G83p09 000570r2025-03-27s2016-04-02t1w2012-06-26yLB c63781d63781